书目信息 |
| 题名: |
解元
|
|
| 作者: | 向珊 著 | |
| 分册: | ||
| 出版信息: | 北京 华文出版社 2021 |
|
| 页数: | 10,240页 | |
| 开本: | 23cm | |
| 丛书名: | 华文通史 | |
| 单 册: | ||
| 中图分类: | K247.09 | |
| 科图分类: | ||
| 主题词: | 中国历史--元代--通俗读物 | |
| 电子资源: | ||
| ISBN: | 978-7-5075-5452-6 | |
| 000 | 01377oam2 2200277 450 | |
| 001 | 2359238591 | |
| 005 | 20231031103347.77 | |
| 010 | @a978-7-5075-5452-6@dCNY58.00 | |
| 100 | @a20210621d2021 em y0chiy50 ea | |
| 101 | 0 | @achi |
| 102 | @aCN@b110000 | |
| 105 | @aak az 000yy | |
| 200 | 1 | @a解元@Ajie yuan@e他们的元朝@f向珊著 |
| 210 | @a北京@c华文出版社@d2021 | |
| 215 | @a10,240页@c彩图@d23cm | |
| 225 | 2 | @a华文通史 |
| 314 | @a向珊,湖北枝江人,南开大学历史学博士,现为湖南大学岳麓书院副教授。从事以元史为主的中国历史教学与研究。 | |
| 320 | @a有书目 | |
| 330 | @a本书是我社“华文通史”系列丛书之一。元朝是中国历史上第一个由少数民族建立的大一统王朝,具有不同于其他时代的特殊性。本书主要从以下六个方面对元朝进行了探讨:1.政权构成的二元;2.多族群的交流与文化融合;3.儒士群体的尴尬处境;4.南北矛盾的逐渐消融;5.海运海贸事业发达,帝国呈现开放的气象;6.政治混乱、国祚短。本书通过成吉思汗、耶律楚材、忽必烈、佟锁柱、潘生、朱清、张瑄、虞集、元明善、马可·波罗、铁木迭儿、伯颜、杨维桢等人物的人生历程,展现元朝政治、经济、社会等各方面的独特之处,角度新颖、通俗有趣,勾勒出整个大元帝国的面貌。读者通读此书,可以对大元帝国有一个整体而全面的了解。 | |
| 410 | 0 | @12001 @a华文通史 |
| 517 | 1 | @a他们的元朝@Ata men de yuan chao |
| 606 | 0 | @a中国历史@z元代@j通俗读物 |
| 690 | @aK247.09@v5 | |
| 701 | 0 | @a向珊@Axiang shan@4著 |
| 801 | 0 | @aCN@b91MARC@c20210808 |
| 905 | @aZUCC@dK247.09@e14 | |
| 解元:他们的元朝/向珊著.-北京:华文出版社,2021 |
| 10,240页:彩图;23cm.-(华文通史) |
| ISBN 978-7-5075-5452-6:CNY58.00 |
| 本书是我社“华文通史”系列丛书之一。元朝是中国历史上第一个由少数民族建立的大一统王朝,具有不同于其他时代的特殊性。本书主要从以下六个方面对元朝进行了探讨:1.政权构成的二元;2.多族群的交流与文化融合;3.儒士群体的尴尬处境;4.南北矛盾的逐渐消融;5.海运海贸事业发达,帝国呈现开放的气象;6.政治混乱、国祚短。本书通过成吉思汗、耶律楚材、忽必烈、佟锁柱、潘生、朱清、张瑄、虞集、元明善、马可·波罗、铁木迭儿、伯颜、杨维桢等人物的人生历程,展现元朝政治、经济、社会等各方面的独特之处,角度新颖、通俗有趣,勾勒出整个大元帝国的面貌。读者通读此书,可以对大元帝国有一个整体而全面的了解。 |
| ● |
| 相关链接 |
|
|
|
正题名:解元
索取号:K247.09/14
 
预约/预借
| 序号 | 登录号 | 条形码 | 馆藏地/架位号 | 状态 | 备注 |
| 1 | 2001010309 | 2001010309 | 第四书库/四34架A面6层6列/ [索取号:K247.09/14] | 在馆 | |
| 2 | 2001010310 | 2001010310 | 第四书库/四34架A面6层6列/ [索取号:K247.09/14] | 在馆 | |
| 3 | 2001010311 | 2001010311 | 第四书库/四34架A面6层6列/ [索取号:K247.09/14] | 在馆 | |
| 4 | 2001010312 | 2001010312 | 第四书库/四34架A面6层6列/ [索取号:K247.09/14] | 在馆 | |
| 5 | 2001010313 | 2001010313 | 第四书库/四34架A面6层6列/ [索取号:K247.09/14] | 在馆 | |
| 6 | 2001010314 | 2001010314 | 第四书库/四34架A面6层6列/ [索取号:K247.09/14] | 在馆 |